গণ প্রজাতন্ত্রী বাংলাদেশ সংবিধান্ । (Record no. 1729)
[ view plain ]
| 000 -LEADER | |
|---|---|
| fixed length control field | 00923nam a2200133Ia 4500 |
| 008 - FIXED-LENGTH DATA ELEMENTS--GENERAL INFORMATION | |
| fixed length control field | 151213s9999 xx 000 0 und d |
| 100 ## - MAIN ENTRY--PERSONAL NAME | |
| Personal name | গণ প্র্রজাতন্ত্রী বাংলাদেশ সরকার : আইন,বিচার ও সংসদ বিষয়ক মন্ত্রণ্লায়। |
| 245 ## - TITLE STATEMENT | |
| Title | গণ প্রজাতন্ত্রী বাংলাদেশ সংবিধান্ । |
| Statement of responsibility, etc. | গণ প্র্রজাতন্ত্রী বাংলাদেশ সরকার : আইন,বিচার ও সংসদ বিষয়ক মন্ত্রণ্লায়। |
| 300 ## - PHYSICAL DESCRIPTION | |
| Extent | 2584 p. |
| 650 ## - SUBJECT ADDED ENTRY--TOPICAL TERM | |
| Topical term or geographic name as entry element | Law |
| 650 ## - SUBJECT ADDED ENTRY--TOPICAL TERM | |
| Topical term or geographic name as entry element | Law |
| 700 ## - ADDED ENTRY--PERSONAL NAME | |
| Personal name | গণ প্র্রজাতন্ত্রী বাংলাদেশ সরকার : আইন,বিচার ও সংসদ বিষয়ক মন্ত্রণ্লায়। |
No items available.
